000 01323nam a2200325 i 4500
999 _c5431
_d5431
003 OSt
005 20250918091717.0
008 160128s2008 enka e 000 1 eng d
020 _a9780194234269
040 _aCaNSH
_beng
_cCaNSH
_dCaOL
_dKH8
_erda
082 _a428.6 LIN
100 1 _aLindop, Christine,
_eauthor.
245 1 0 _aSally's phone /
_cChristine Lindop ; illustrated by Gavin Reece.
250 _aSimplified edition.
264 1 _aOxford, [England] :
_bOxford University Press,
_c[2008]
300 _a40 pages :
_bcolour illustrations ;
_c20 cm.
336 _atext
_2rdacontent.
337 _aunmediated
_2rdamedia.
338 _avolume
_2rdacarrier.
490 1 _aOxford bookworms library; Starter, Human interest
520 _a"Sally is always running -- and she has her phone with her all the time: at home, on the train, at work, at lunchtime, and at the shops. But then one afternoon suddenly she has a different phone... and it changes her life."--Back cover.
650 0 _aCell phones
_vFiction.
650 0 _aLife change events
_vFiction.
650 0 _aHigh interest-low vocabulary books.
650 0 _aReaders (Adult)
650 0 _aReaders for new literates.
700 1 _aReece, Gavin,
_eillustrator.
830 0 _aOxford bookworms library.
_pHuman interest,
_nStarter.
942 _2ddc
_cTR